01316cam a2200337 i 45000010008000000030009000080050017000170080041000340200015000750400038000900430012001280820021001401100053001612450108002142640061003222640010003833000027003933360026004203370028004463380027004745000020005016500063005216500067005846500056006516500057007076530020007646550017007849420012008019990017008139520148008303865666EG-ScBUE20240625094650.0881208t1988 ua f 001 0 eng d a9774241843 aNCHbengerdacDLCdDLCdEG-ScBUE af-ua---04222a962.055bEGY2 aNetwork of Egyptian Professional Women.eauthor.10aEgyptian women in social development :ba resource guide /cThe Network of Egyptian Professional Women. 1aCairo :bThe American University in Cairo Press,c[1988] 4cc1988 axv, 346 pages ;c23 cm 2rdacontentatextbtxt aunmediated2rdamediabn avolumebnc2rdacarrier aIncludes index. 7aWomen in community developmentzEgyptxDirectories.2BUEsh 7aWomen volunteers in social servicezEgyptxDirectories.2BUEsh 7aWomen social scientistszEgyptxDirectories.2BUEsh 7aWomen in the professionszEgyptxDirectories.2BUEsh bGGENcMarch2018 vReading book 2ddccBB c26358d26330 00102ddc40708AlahramaMAINbMAINc2NDd2018-03-20ePurchasel2m11o962.055 EGYp000047460r2025-07-15 00:00:00s2024-05-22w2018-03-20yBB